[Event "2BLO 1920 SV Deggendorf - SC Garching"]
[Site "?"]
[Date "2020.02.08"]
[Round "7.6"]
[White "Cabarkapa, Novak"]
[Black "Dehlinger, Alexander"]
[Result "1-0"]
[WhiteElo "2465"]
[BlackElo "2300"]
[PlyCount "77"]
[EventDate "2020.??.??"]

1. e4 c5 2. a3 g6 3. Bc4 Bg7 4. d3 Nc6 5. Nc3 e6 6. Ba2 Nge7 7. h4 h5 8. Bg5 a6
9. Nf3 b5 10. O-O Bb7 11. Re1 Qc7 12. Qd2 Nd4 13. Nxd4 cxd4 14. Ne2 Nc6 15. Bf4
d6 16. c3 dxc3 17. bxc3 Rc8 18. a4 b4 19. cxb4 Bxa1 20. Rxa1 Ne5 21. d4 Nd7 22.
Bb1 e5 23. Bh6 f6 24. Ra3 Ke7 25. Rg3 Rhg8 26. Ba2 Bxe4 27. Bxg8 Rxg8 28. Nc3
Qb7 29. dxe5 dxe5 30. Nxe4 Qxe4 31. Rd3 Qc6 32. b5 axb5 33. Qb4+ Ke8 34. axb5
Qe6 35. Rd6 Qg4 36. Qb3 Rh8 37. Bg7 Nc5 38. Qd5 Rh7 39. Qg8+ 1-0

[Event "2BLO 1920 SV Deggendorf - SC Garching"]
[Site "?"]
[Date "2020.02.08"]
[Round "7.7"]
[White "Schimpf, Markus"]
[Black "Krstic, Petar"]
[Result "1/2-1/2"]
[WhiteElo "2214"]
[BlackElo "2326"]
[PlyCount "45"]
[EventDate "2020.??.??"]

1. d4 d5 2. c4 c6 3. Nf3 Nf6 4. e3 Bf5 5. cxd5 cxd5 6. Qb3 Qb6 7. Qxb6 axb6 8.
Nc3 Bd7 9. Ne5 e6 10. Nxd7 Kxd7 11. Bd2 Nc6 12. Bb5 Bd6 13. O-O Rhc8 14. Na4
Bc7 15. f3 Ne8 16. b3 Nd6 17. Bd3 b5 18. Nc5+ Ke7 19. a4 bxa4 20. bxa4 Ba5 21.
Bxa5 Nxa5 22. Rfb1 Rc7 23. Kf2 {(=)} 1/2-1/2

[Event "2BLO 1920 SV Deggendorf - SC Garching"]
[Site "?"]
[Date "2020.02.08"]
[Round "7.8"]
[White "Bielmeier, Ludwig"]
[Black "Schleich, Markus"]
[Result "0-1"]
[WhiteElo "2026"]
[BlackElo "2221"]
[PlyCount "86"]
[EventDate "2020.??.??"]

1. Nf3 Nf6 2. g3 g6 3. Bg2 Bg7 4. c4 O-O 5. O-O d6 6. Nc3 Nc6 7. d3 e5 8. Rb1
a5 9. a3 Re8 10. Nd2 Ne7 11. b4 axb4 12. axb4 d5 13. b5 c6 14. Bb2 Be6 15. Ra1
Nd7 16. Qc2 Rc8 17. bxc6 bxc6 18. Na4 Nf5 19. Rfc1 h5 20. e4 Ne7 21. Nb3 f5 22.
Nac5 Nxc5 23. Nxc5 Bf7 24. exf5 Nxf5 25. Bh3 Rb8 26. Ra6 Rb6 27. Rxb6 Qxb6 28.
Na4 Qa7 29. Ra1 Nd4 30. Qd1 dxc4 31. dxc4 Rd8 32. Nc3 Qb8 33. Rb1 Bxc4 34. Qa4
Bd3 35. Qa2+ Kh7 36. Rd1 Bc2 37. Rc1 Bb3 38. Qa5 Bf7 39. Qa3 Qb7 40. Bf1 Ra8
41. Na4 Rxa4 42. Qxa4 Qxb2 43. Rc5 Bd5 0-1

[Event "2BLO 1920 FC Bayern München II - SC NT "]
[Site "?"]
[Date "2020.02.09"]
[Round "8.1"]
[White "Maximov, Dmitry"]
[Black "Zajogin, Alexander"]
[Result "1/2-1/2"]
[WhiteElo "2497"]
[BlackElo "2415"]
[PlyCount "147"]
[EventDate "2020.??.??"]

1. e4 e5 2. Nf3 Nc6 3. Bb5 Nf6 4. O-O Nxe4 5. Re1 Nd6 6. Nxe5 Be7 7. Bf1 Nf5 8.
c3 Nxe5 9. Rxe5 d6 10. Re1 O-O 11. d4 d5 12. Bf4 Bd6 13. Bxd6 Nxd6 14. Qf3 Qg5
15. Na3 Bd7 16. Re5 Qd2 17. Re2 Qg5 18. Rae1 Bg4 19. Qe3 Qxe3 20. Rxe3 Rfe8 21.
Nc2 Kf8 22. Re5 c6 23. f3 Bf5 24. Ne3 Bg6 25. g4 f6 26. Rxe8+ Rxe8 27. Kf2 h5
28. h3 hxg4 29. hxg4 Kf7 30. b3 b6 31. Rd1 Rd8 32. c4 dxc4 33. bxc4 Nb7 34. Bg2
c5 35. f4 cxd4 36. Nf1 Nc5 37. f5 Bh7 38. Bd5+ Kf8 39. Rxd4 Bg8 40. Ne3 Bf7 41.
Kf3 Ke7 42. Rd2 Rh8 43. Re2 Nd3 44. Ke4 Ne5 45. Bxf7 Nxf7 46. a4 Kd6 47. Kd4
Ne5 48. Ke4 Kc5 49. Rd2 Re8 50. Kf4 Kb4 51. Rd1 Kc3 52. Rd6 Nd3+ 53. Kf3 Ne1+
54. Kf2 Nd3+ 55. Kf3 Nc5 56. Rc6 Kd3 57. Rd6+ Kc3 58. Rc6 Kd2 59. Nd5 Rd8 60.
a5 Nd7 61. Rc7 bxa5 62. Kg3 Nb6 63. Rxg7 Rd6 64. Rxa7 Nxc4 65. Nf4 Kc3 66. Kh4
Kb4 67. g5 fxg5+ 68. Kxg5 Nd2 69. Ne6 a4 70. Rb7+ Kc4 71. Ra7 Kb4 72. Rb7+ Kc4
73. Ra7 Kb4 74. Rb7+ 1/2-1/2

[Event "2BLO 1920 FC Bayern München II - SC NT "]
[Site "?"]
[Date "2020.02.09"]
[Round "8.2"]
[White "Webersberger, Johann"]
[Black "Milov, Leonid"]
[Result "0-1"]
[WhiteElo "2360"]
[BlackElo "2453"]
[PlyCount "52"]
[EventDate "2020.??.??"]

1. d4 f5 2. Nc3 Nf6 3. Bg5 d5 4. e3 e6 5. Nf3 Be7 6. Bd3 O-O 7. Ne2 c5 8. dxc5
Nc6 9. O-O e5 10. Bb5 Ne4 11. Bxe7 Qxe7 12. Qxd5+ Be6 13. Qd1 Rad8 14. Qc1 Qxc5
15. Bxc6 bxc6 16. Ng3 Nf6 17. b3 Bc8 18. Ne2 Ne4 19. h3 f4 20. exf4 exf4 21.
Nxf4 Qd6 22. g3 g5 23. Re1 gxf4 24. Rxe4 fxg3 25. Qe3 Bxh3 26. Ne5 Qd1+ 0-1

[Event "2BLO 1920 FC Bayern München II - SC NT "]
[Site "?"]
[Date "2020.02.09"]
[Round "8.3"]
[White "Yelisieiev, Yevhenii"]
[Black "Reich, Thomas"]
[Result "1-0"]
[WhiteElo "2402"]
[BlackElo "2378"]
[PlyCount "77"]
[EventDate "2020.??.??"]

1. d4 Nf6 2. Nf3 g6 3. g3 Bg7 4. Bg2 O-O 5. O-O d6 6. b3 Nc6 7. Bb2 e5 8. dxe5
Ng4 9. c4 Ncxe5 10. Nc3 f5 11. h3 Nxf3+ 12. exf3 Ne5 13. f4 Nf7 14. c5 dxc5 15.
Qc2 Nd6 16. Rad1 Bd7 17. Nd5 Bxb2 18. Qxb2 c6 19. Qe5 cxd5 20. Qxd6 Bc6 21.
Qxc5 Qb6 22. Bxd5+ Bxd5 23. Qxd5+ Kg7 24. Qe5+ Qf6 25. Rd7+ Kh6 26. Qxf6 Rxf6
27. Re1 Ra6 28. Ree7 Rh8 29. a4 b5 30. axb5 Ra3 31. Rxa7 Rxa7 32. Rxa7 Rb8 33.
g4 fxg4 34. hxg4 Rxb5 35. g5+ Kh5 36. f3 Kh4 37. Kf2 h5 38. Ra1 Rxb3 39. Rh1#
1-0

[Event "2BLO 1920 FC Bayern München II - SC NT "]
[Site "?"]
[Date "2020.02.09"]
[Round "8.4"]
[White "Rodewis, Thomas"]
[Black "Mischustov, Michael"]
[Result "1-0"]
[WhiteElo "2364"]
[BlackElo "2336"]
[PlyCount "83"]
[EventDate "2020.??.??"]

1. d4 e6 2. c4 Nf6 3. Nc3 Bb4 4. f3 d5 5. a3 Bxc3+ 6. bxc3 c5 7. cxd5 exd5 8.
e3 O-O 9. Bd3 Re8 10. Ne2 b6 11. O-O Bb7 12. Re1 Nc6 13. Ng3 Rc8 14. Ra2 cxd4
15. cxd4 Na5 16. Rc2 Rxc2 17. Qxc2 Qd6 18. Qf2 Qc7 19. Bb2 Nc4 20. e4 Nxb2 21.
Qxb2 dxe4 22. fxe4 Qf4 23. Qc1 Qxc1 24. Rxc1 Rc8 25. Rxc8+ Bxc8 26. h3 Kf8 27.
Kf2 g6 28. Ne2 Bb7 29. Nc3 Ke7 30. Ke3 Ne8 31. h4 Bc8 32. Kf4 Nc7 33. d5 Bb7
34. g4 h6 35. g5 hxg5+ 36. hxg5 Kd6 37. Be2 a6 38. Bg4 Kc5 39. Ke5 Ne8 40. Na4+
Kc4 41. Nxb6+ Kb3 42. Bd7 1-0

[Event "2BLO 1920 FC Bayern München II - SC NT "]
[Site "?"]
[Date "2020.02.09"]
[Round "8.5"]
[White "Promyshlyanskiy, Vitaliy"]
[Black "Gretz, Denis"]
[Result "1-0"]
[WhiteElo "2265"]
[BlackElo "2330"]
[PlyCount "55"]
[EventDate "2020.??.??"]

1. e4 c5 2. Nc3 e6 3. f4 Nc6 4. Nf3 Be7 5. Bb5 Nd4 6. Nxd4 cxd4 7. Ne2 Qb6 8.
Bd3 d6 9. O-O Nf6 10. Kh1 Bd7 11. Qe1 Bc6 12. Ng1 O-O 13. b3 Nd7 14. Bb2 Nc5
15. Nf3 Bf6 16. e5 Nxd3 17. cxd3 dxe5 18. fxe5 Be7 19. Nxd4 Bd5 20. Ne2 a5 21.
Bc3 Rfd8 22. Qg3 Bf8 23. Nf4 Bc6 24. Nh5 Bb5 25. Rf3 Qa6 26. Qf4 Bxd3 27. Qxf7+
Kh8 28. Qc7 1-0

[Event "2BLO 1920 FC Bayern München II - SC NT "]
[Site "?"]
[Date "2020.02.09"]
[Round "8.6"]
[White "Singer, Christoph"]
[Black "Kirchner, Thomas"]
[Result "1/2-1/2"]
[WhiteElo "2342"]
[BlackElo "2297"]
[PlyCount "73"]
[EventDate "2020.??.??"]

1. e4 e5 2. Nf3 Nc6 3. Bc4 Bc5 4. d3 Nf6 5. O-O d6 6. c3 O-O 7. h3 h6 8. Re1 a6
9. Bb3 Ba7 10. Nbd2 Ne7 11. Nf1 Ng6 12. Ng3 c6 13. d4 Qc7 14. Be3 Be6 15. Bc2
b5 16. Qd2 Kh7 17. Nf5 Ng8 18. a4 Rfd8 19. h4 f6 20. h5 Bxf5 21. exf5 N6e7 22.
Qe2 Nd5 23. Bd2 Qf7 24. b3 Re8 25. dxe5 dxe5 26. Nh4 Rad8 27. Ng6 Bb6 28. axb5
axb5 29. b4 Nf4 30. Bxf4 exf4 31. Qe6 Rxe6 32. fxe6 Qc7 33. Nf8+ Kh8 34. Ng6+
Kh7 35. Nf8+ Kh8 36. Ng6+ Kh7 37. Nf8+ 1/2-1/2

[Event "2BLO 1920 FC Bayern München II - SC NT "]
[Site "?"]
[Date "2020.02.09"]
[Round "8.7"]
[White "Heimrath, Reiner"]
[Black "Unzicker, Ferdinand"]
[Result "1/2-1/2"]
[WhiteElo "2241"]
[BlackElo "2317"]
[PlyCount "118"]
[EventDate "2020.??.??"]

1. e4 c5 2. Nc3 Nc6 3. g3 g6 4. Bg2 Bg7 5. d3 d6 6. Be3 e5 7. Qd2 Nge7 8. h4 h5
9. Nf3 Nd4 10. Nh2 Be6 11. O-O b6 12. Rae1 O-O 13. f4 exf4 14. Bxf4 Qd7 15. Kh1
Rae8 16. Rf2 b5 17. a3 a5 18. Bh6 b4 19. Bxg7 Kxg7 20. axb4 axb4 21. Ne2 Nxe2
22. Rfxe2 Nc6 23. c3 Qa7 24. Rf2 f6 25. Nf1 Rb8 26. Ne3 Rf7 27. Rd1 Rb6 28. d4
Bb3 29. Rdf1 Ra6 30. e5 dxe5 31. d5 bxc3 32. bxc3 Ra2 33. Qc1 Nd4 34. cxd4 cxd4
35. Nd1 Rxf2 36. Nxf2 Qd7 37. Qc6 Ba4 38. Qb6 Qb5 39. Qxb5 Bxb5 40. Rb1 Be2 41.
Rb2 Bc4 42. Rb4 Be2 43. Rb2 Bc4 44. d6 f5 45. Rc2 Be6 46. Nd3 e4 47. Nf4 d3 48.
Rb2 Bc4 49. Kg1 Rd7 50. Kf2 Rxd6 51. Ke3 Kf6 52. Rd2 Rb6 53. Bxe4 fxe4 54. Kxe4
Rb4 55. Rf2 Ba6+ 56. Ke3 Kg7 57. Ne6+ Kg8 58. Rf8+ Kh7 59. Rf7+ Kg8 1/2-1/2

[Event "2BLO 1920 FC Bayern München II - SC NT "]
[Site "?"]
[Date "2020.02.09"]
[Round "8.8"]
[White "Lentrodt, Thomas"]
[Black "Homuth, Wolfgang"]
[Result "1-0"]
[WhiteElo "2236"]
[BlackElo "2162"]
[PlyCount "61"]
[EventDate "2020.??.??"]

1. d4 f5 2. c4 Nf6 3. Nf3 g6 4. g3 Bg7 5. Bg2 O-O 6. O-O d6 7. Nc3 c6 8. b3 Qc7
9. Qc2 e5 10. dxe5 dxe5 11. Ba3 Rd8 12. Rfd1 Ne8 13. Rxd8 Qxd8 14. Rd1 Qf6 15.
Na4 Nd7 16. Bb2 Qe7 17. Qc1 e4 18. Nd4 Be5 19. f3 Nb6 20. Nc3 Qf6 21. e3 c5 22.
f4 Bb8 23. Nde2 Qe7 24. g4 Be6 25. gxf5 gxf5 26. Ng3 Ng7 27. Nd5 Bxd5 28. cxd5
Bd6 29. Qc3 Rf8 30. Bh3 Kf7 31. Qxg7+ 1-0

[Event "2BLO 1920 MSA Zugzwang - SF Bad Mergent"]
[Site "?"]
[Date "2020.02.09"]
[Round "8.1"]
[White "Karpatchev, Aleksandr"]
[Black "Mons, Leon"]
[Result "1/2-1/2"]
[WhiteElo "2414"]
[BlackElo "2546"]
[PlyCount "31"]
[EventDate "2020.??.??"]

1. e4 e5 2. Nf3 Nc6 3. Nc3 Nf6 4. d4 exd4 5. Nxd4 Bb4 6. Nxc6 bxc6 7. Bd3 d5 8.
exd5 O-O 9. O-O cxd5 10. h3 c6 11. Qf3 Re8 12. Bf4 Bd6 13. Rfe1 Be6 14. Ne2 Qb8
15. Bxd6 Qxd6 16. Qf4 1/2-1/2

[Event "2BLO 1920 MSA Zugzwang - SF Bad Mergent"]
[Site "?"]
[Date "2020.02.09"]
[Round "8.2"]
[White "Kindermann, Stefan"]
[Black "Ikonnikov, Vyacheslav"]
[Result "1/2-1/2"]
[WhiteElo "2471"]
[BlackElo "2498"]
[PlyCount "33"]
[EventDate "2020.??.??"]

1. e4 c5 2. Nf3 Nc6 3. Bb5 e6 4. O-O Nge7 5. Re1 a6 6. Bf1 d5 7. exd5 Nxd5 8.
d4 Nf6 9. Be3 Be7 10. dxc5 Qxd1 11. Rxd1 Nd5 12. Bd2 Bxc5 13. c4 Nf6 14. Nc3
O-O 15. Bg5 Ng4 16. Bh4 f6 17. Na4 1/2-1/2

[Event "2BLO 1920 MSA Zugzwang - SF Bad Mergent"]
[Site "?"]
[Date "2020.02.09"]
[Round "8.3"]
[White "Kazakouski, Valery"]
[Black "Zysk, Robert"]
[Result "1/2-1/2"]
[WhiteElo "2460"]
[BlackElo "2390"]
[PlyCount "81"]
[EventDate "2020.??.??"]

1. d4 Nf6 2. Nf3 b6 3. c4 Bb7 4. g3 g6 5. Bg2 Bg7 6. Qc2 O-O 7. Nc3 c5 8. d5 e6
9. e4 exd5 10. cxd5 Ba6 11. Bg5 d6 12. Bf1 h6 13. Be3 Bxf1 14. Kxf1 a6 15. Kg2
Nbd7 16. Rhe1 Qc7 17. h3 b5 18. Rad1 Rfe8 19. Bf4 c4 20. Re2 Nc5 21. a3 Rac8
22. e5 dxe5 23. Bxe5 Qb7 24. Qd2 Rcd8 25. Bxf6 Rxe2 26. Nxe2 Bxf6 27. Qxh6 Rxd5
28. Rxd5 Qxd5 29. Nc3 Bxc3 30. bxc3 Ne4 31. Qe3 Kg7 32. h4 Nf6 33. Kf1 Qd6 34.
Ng5 Qd1+ 35. Kg2 Qd5+ 36. f3 Qd6 37. g4 Qd5 38. Kf2 Qd6 39. Kg2 Qd5 40. Kf2 Qd6
41. Kg2 1/2-1/2

[Event "2BLO 1920 MSA Zugzwang - SF Bad Mergent"]
[Site "?"]
[Date "2020.02.09"]
[Round "8.4"]
[White "Bromberger, Stefan"]
[Black "Lalic, Bogdan"]
[Result "1/2-1/2"]
[WhiteElo "2485"]
[BlackElo "2400"]
[PlyCount "46"]
[EventDate "2020.??.??"]

1. e4 e5 2. Nf3 Nf6 3. Nxe5 d6 4. Nf3 Nxe4 5. Nc3 Nxc3 6. dxc3 Be7 7. Be3 O-O
8. Qd2 Nd7 9. O-O-O c6 10. Bd3 d5 11. c4 Nf6 12. Qc3 Re8 13. h3 a5 14. a3 a4
15. Rhe1 h6 16. Re2 Bf8 17. Qe1 Qc7 18. Bd4 Rxe2 19. Qxe2 Be6 20. Be5 Qe7 21.
cxd5 Bxd5 22. Re1 Nd7 23. Be4 Bxe4 1/2-1/2

[Event "2BLO 1920 MSA Zugzwang - SF Bad Mergent"]
[Site "?"]
[Date "2020.02.09"]
[Round "8.5"]
[White "Gasthofer, Alexander"]
[Black "Hoffmeyer, Falk"]
[Result "1/2-1/2"]
[WhiteElo "2422"]
[BlackElo "2327"]
[PlyCount "41"]
[EventDate "2020.??.??"]

1. Nf3 d5 2. g3 Nf6 3. Bg2 e6 4. O-O Be7 5. d4 O-O 6. c4 Ne4 7. Nfd2 f5 8. Nxe4
fxe4 9. Nc3 c6 10. f3 exf3 11. Bxf3 Nd7 12. Qb3 Qb6 13. e3 Qb4 14. Qxb4 Bxb4
15. Be2 Rxf1+ 16. Bxf1 Nb6 17. c5 Nd7 18. Ne2 e5 19. a3 Ba5 20. b4 Bc7 21. Nc3
1/2-1/2

[Event "2BLO 1920 MSA Zugzwang - SF Bad Mergent"]
[Site "?"]
[Date "2020.02.09"]
[Round "8.6"]
[White "Gerigk, Erasmus"]
[Black "Ivanov, Mikhail M"]
[Result "1/2-1/2"]
[WhiteElo "2322"]
[BlackElo "2353"]
[PlyCount "36"]
[EventDate "2020.??.??"]

1. e4 c6 2. c4 e5 3. Nc3 d6 4. Nf3 Bg4 5. Be2 Nd7 6. O-O Ngf6 7. h3 Bxf3 8.
Bxf3 Be7 9. g3 Nc5 10. d3 Ne6 11. Bg2 h5 12. Ne2 h4 13. g4 g5 14. d4 Nd7 15.
Be3 Nf4 16. Qd2 a5 17. Rfd1 Qc7 18. Rac1 c5 1/2-1/2

[Event "2BLO 1920 MSA Zugzwang - SF Bad Mergent"]
[Site "?"]
[Date "2020.02.09"]
[Round "8.8"]
[White "Eichler, Christoph"]
[Black "Raps, Johannes"]
[Result "1-0"]
[WhiteElo "2295"]
[BlackElo "2139"]
[PlyCount "35"]
[EventDate "2020.??.??"]

1. d4 d5 2. c4 c6 3. Nf3 Nf6 4. e3 g6 5. Nc3 Bg7 6. Be2 O-O 7. O-O Nbd7 8. cxd5
cxd5 9. Qb3 e6 10. Bd2 Ne4 11. Rac1 Nxd2 12. Nxd2 a6 13. Rc2 Re8 14. Rfc1 Bf8
15. Bf3 Rb8 16. e4 dxe4 17. Ncxe4 Nf6 18. Rxc8 1-0

[Event "2BLO 1920 Erfurter SK - Nickelhütte Au"]
[Site "?"]
[Date "2020.02.09"]
[Round "8.1"]
[White "Meijers, Viesturs"]
[Black "Braeuer, Franz"]
[Result "0-1"]
[WhiteElo "2426"]
[BlackElo "2430"]
[PlyCount "50"]
[EventDate "2020.??.??"]

1. d4 Nf6 2. Bg5 d5 3. Bxf6 gxf6 4. e3 c5 5. dxc5 e6 6. c4 dxc4 7. Qxd8+ Kxd8
8. Nc3 Bxc5 9. O-O-O+ Ke7 10. Bxc4 Bd7 11. Be2 Bb4 12. Bf3 Nc6 13. Nge2 Rab8
14. a3 Ba5 15. g3 Ne5 16. Bg2 Rhc8 17. Kb1 Ng4 18. Ne4 Bc6 19. Rhg1 Bxe4+ 20.
Bxe4 Nxf2 21. Rd4 Bb6 22. Rb4 Nxe4 23. Rxe4 f5 24. Rh4 Bxe3 25. Re1 h6 0-1

[Event "2BLO 1920 Erfurter SK - Nickelhütte Au"]
[Site "?"]
[Date "2020.02.09"]
[Round "8.2"]
[White "Enders, Peter"]
[Black "Slobodjan, Roman"]
[Result "0-1"]
[WhiteElo "2462"]
[BlackElo "2452"]
[PlyCount "84"]
[EventDate "2020.??.??"]

1. b3 e5 2. Bb2 d6 3. e3 f5 4. d4 Nd7 5. Nf3 e4 6. Nfd2 Ndf6 7. c4 c6 8. d5 Nh6
9. Nc3 Be7 10. dxc6 bxc6 11. Qc2 O-O 12. h3 d5 13. O-O-O Be6 14. Kb1 Bd6 15.
Ne2 Qe7 16. Nd4 Bd7 17. cxd5 cxd5 18. Rc1 Rac8 19. Qd1 f4 20. Rxc8 Bxc8 21. Bb5
a6 22. Ba4 Qf7 23. exf4 Qg6 24. g4 Bxf4 25. Ka1 Nf7 26. Nb1 Bd6 27. Nc3 Ne5 28.
Bc1 Nd3 29. Be3 Be5 30. Qd2 Kh8 31. Nc6 Bd6 32. g5 Nd7 33. Nxd5 N7c5 34. Nb6
Nxa4 35. Nxa4 Bd7 36. Nd4 Bxa4 37. bxa4 Be5 38. Kb1 Rb8+ 39. Nb3 Qe6 40. Qc2
Nb4 41. Qd1 Qc6 42. Bd4 Bxd4 0-1

[Event "2BLO 1920 Erfurter SK - Nickelhütte Au"]
[Site "?"]
[Date "2020.02.09"]
[Round "8.3"]
[White "Londyn, Radek"]
[Black "Kuczynski, Robert"]
[Result "1-0"]
[WhiteElo "2399"]
[BlackElo "2490"]
[PlyCount "257"]
[EventDate "2020.??.??"]

1. d4 d5 2. c4 c6 3. Nf3 Nf6 4. e3 Bg4 5. Qb3 Qb6 6. Ne5 Bf5 7. Bd3 Bxd3 8.
Qxd3 e6 9. Nd2 Nbd7 10. Nxd7 Nxd7 11. O-O Be7 12. e4 dxe4 13. Nxe4 O-O 14. Bf4
Nf6 15. Rad1 Nxe4 16. Qxe4 Bf6 17. b3 Qa5 18. a4 Rad8 19. Rd3 Rd7 20. Rfd1 Rfd8
21. g3 g6 22. Kg2 Qf5 23. Qxf5 gxf5 24. Be3 b6 25. b4 Kg7 26. R3d2 Kg6 27. b5
Rc8 28. c5 cxb5 29. axb5 Bg5 30. f4 Be7 31. Kf3 Rd5 32. Ke2 Bf8 33. Rc2 h5 34.
h4 bxc5 35. dxc5 Rdxc5 36. Bxc5 Rxc5 37. Rb2 Rc3 38. Kf2 Bc5+ 39. Kg2 Bb6 40.
Rd7 Rc5 41. Rb7 Rd5 42. Kh3 Kg7 43. Rb8 Rd8 44. Rb7 Rd5 45. Kh2 Kf6 46. Kh1 Kg7
47. Rb3 Kg6 48. Rc3 Rxb5 49. Rc8 Rc5 50. Rg8+ Kf6 51. Rh8 Rc7 52. Rbb8 Bd4 53.
Rxh5 a5 54. Rhh8 Ra7 55. Rhd8 Bc3 56. Rbc8 Bb2 57. Rc2 Rb7 58. Ra8 Bd4 59. Rxa5
Rb1+ 60. Kg2 Rb2 61. Rxb2 Bxb2 62. Ra8 Kg6 63. Re8 Bc3 64. Kf3 Kg7 65. Rd8 Bf6
66. Rb8 Ba1 67. Ke3 Kg6 68. Rg8+ Kh7 69. Rc8 Kg6 70. Kd3 Bb2 71. Kc4 Bc1 72.
Kd4 Bb2+ 73. Kc5 e5 74. Rg8+ Kh6 75. Rg5 exf4 76. gxf4 Bc1 77. Rxf5 Kg6 78.
Rg5+ Kh6 79. Kd5 Bxf4 80. Rg8 Bd2 81. Ke4 Bc3 82. Kf4 Bf6 83. Kg4 Be7 84. Ra8
Bc5 85. Ra6+ Kg7 86. Kf5 Bf2 87. Ra4 Kh6 88. Ra2 Be1 89. Re2 Bc3 90. Rc2 Bd4
91. Kg4 Kg7 92. Rc7 Be5 93. Rb7 Bc3 94. Kf5 Be1 95. h5 Bd2 96. Rb2 Bc3 97. Rh2
Kh6 98. Kg4 Bd4 99. Re2 Kg7 100. Re8 Bb2 101. Rd8 Bc1 102. Rd3 Bb2 103. Rg3 Be5
104. Rb3 Bd4 105. Kg5 Bf6+ 106. Kf5 Bd4 107. Rb4 Bc3 108. Rg4+ Kh7 109. Rc4 Bd2
110. Kf6 Kh6 111. Rc5 Be3 112. Rb5 Bd2 113. Kxf7 Bg5 114. Ke6 Bc1 115. Kf5 Bd2
116. Rb6+ Kg7 117. Rg6+ Kh7 118. Rd6 Bc1 119. Kg4 Be3 120. Rd1 Kg7 121. Rh1 Bd2
122. Rh3 Bc1 123. Rb3 Kh7 124. Rd3 Kg7 125. Rd6 Kh7 126. Rg6 Bd2 127. Kf5 Bc1
128. h6 Bd2 129. Rg7+ 1-0

[Event "2BLO 1920 Erfurter SK - Nickelhütte Au"]
[Site "?"]
[Date "2020.02.09"]
[Round "8.4"]
[White "Weishaeutel, Moritz"]
[Black "Langrock, Hannes"]
[Result "1/2-1/2"]
[WhiteElo "2210"]
[BlackElo "2348"]
[PlyCount "75"]
[EventDate "2020.??.??"]

1. e4 e6 2. d4 d5 3. exd5 exd5 4. Nf3 Bd6 5. c4 Nf6 6. c5 Be7 7. Bd3 O-O 8. O-O
b6 9. Be3 Bg4 10. Nbd2 bxc5 11. dxc5 Nbd7 12. Qc2 Re8 13. Nd4 Bf8 14. b4 a6 15.
Bg5 h6 16. Bh4 Ne5 17. Rfe1 g5 18. Bg3 Nxd3 19. Qxd3 Bg7 20. Rxe8+ Nxe8 21. Re1
Qd7 22. c6 Qd8 23. N2b3 Nd6 24. Nc5 Ne4 25. f3 Qf6 26. fxe4 Qxd4+ 27. Qxd4
Bxd4+ 28. Bf2 Bxc5 29. Bxc5 Re8 30. e5 f6 31. Bd4 Re6 32. h3 Bh5 33. a4 fxe5
34. Rxe5 Rxe5 35. Bxe5 Bd1 36. b5 Bxa4 37. bxa6 Bxc6 38. Bxc7 1/2-1/2

[Event "2BLO 1920 Erfurter SK - Nickelhütte Au"]
[Site "?"]
[Date "2020.02.09"]
[Round "8.5"]
[White "Spiess, Gunter"]
[Black "Paehtz, Thomas"]
[Result "1/2-1/2"]
[WhiteElo "2392"]
[BlackElo "2349"]
[PlyCount "45"]
[EventDate "2020.??.??"]

1. d4 e6 2. c4 b6 3. a3 Bb7 4. Nc3 d5 5. cxd5 exd5 6. g3 Nf6 7. Bg2 Be7 8. Nh3
O-O 9. O-O Nbd7 10. Nf4 c6 11. b4 a6 12. Rb1 Re8 13. f3 a5 14. e4 axb4 15. axb4
Ba6 16. b5 cxb5 17. e5 Nxe5 18. dxe5 b4 19. Nce2 Bc5+ 20. Kh1 Rxe5 21. Bb2 Re8
22. Nd3 d4 23. Re1 1/2-1/2

[Event "2BLO 1920 Erfurter SK - Nickelhütte Au"]
[Site "?"]
[Date "2020.02.09"]
[Round "8.7"]
[White "Pulpan, Jakub"]
[Black "Brueggemann, Joachim"]
[Result "1/2-1/2"]
[WhiteElo "2407"]
[BlackElo "2298"]
[PlyCount "93"]
[EventDate "2020.??.??"]

1. e4 c5 2. Nf3 Nc6 3. Bb5 e6 4. O-O Nge7 5. Re1 a6 6. Bf1 d5 7. exd5 Nxd5 8.
d4 cxd4 9. Nxd4 Be7 10. Nxc6 bxc6 11. c4 Nf6 12. Qf3 Bd7 13. Nc3 O-O 14. Bg5
Ne8 15. Bf4 f6 16. Rad1 e5 17. Bg3 Qc8 18. h3 Rb8 19. b3 Bb4 20. Ra1 a5 21.
Red1 Be6 22. Qe3 Nd6 23. Na4 Nf5 24. Qf3 Be7 25. Bd3 Rd8 26. Bxf5 Rxd1+ 27.
Rxd1 Bxf5 28. Qe3 g5 29. Nc5 Ra8 30. a3 Qc7 31. b4 axb4 32. axb4 Qc8 33. f3 Rb8
34. Be1 h5 35. Bc3 Kf7 36. Ne4 Qc7 37. Ra1 Be6 38. Qd3 Rd8 39. Qe3 Qd7 40. Ra7
Qd1+ 41. Kh2 Qd3 42. Qxd3 Rxd3 43. b5 cxb5 44. cxb5 Rd7 45. b6 Rxa7 46. bxa7
Bd5 47. Ba5 1/2-1/2

[Event "2BLO 1920 Erfurter SK - Nickelhütte Au"]
[Site "?"]
[Date "2020.02.09"]
[Round "8.8"]
[White "Kosev, Momchil"]
[Black "Cerveny, Martin"]
[Result "0-1"]
[WhiteElo "1788"]
[BlackElo "2375"]
[PlyCount "60"]
[EventDate "2020.??.??"]

1. d4 Nf6 2. Nf3 e6 3. g3 b5 4. Bg2 Bb7 5. O-O d5 6. b3 c5 7. Bb2 Nbd7 8. dxc5
Bxc5 9. Nbd2 O-O 10. e3 Qe7 11. Ne5 Rfd8 12. Ndf3 a5 13. a4 b4 14. Rc1 Rac8 15.
Qe2 Nxe5 16. Nxe5 Bd6 17. Rfd1 Rc7 18. Rd2 Ra8 19. f3 Ba6 20. Qf2 Rac8 21. Bf1
Bb7 22. Bb5 h6 23. Bf1 Nh7 24. Bb5 Ng5 25. Bf1 d4 26. f4 Ne4 27. Qe1 Nxd2 28.
Qxd2 dxe3 29. Qxe3 Rc3 30. Bxc3 Rxc3 0-1

[Event "2BLO 1920 Münchener Schachclub 1836 - "]
[Site "?"]
[Date "2020.02.09"]
[Round "8.1"]
[White "Sedlak, Nikola"]
[Black "Jones, Gawain C B"]
[Result "1/2-1/2"]
[WhiteElo "2553"]
[BlackElo "2681"]
[PlyCount "81"]
[EventDate "2020.??.??"]

1. e4 c5 2. d3 Nc6 3. g3 Nf6 4. Bg2 d5 5. exd5 Nxd5 6. Nf3 g6 7. O-O Bg7 8. Re1
O-O 9. Nbd2 h6 10. Nc4 Qc7 11. Bd2 Rd8 12. Qc1 Kh7 13. Re4 h5 14. Re1 b6 15. a4
Bb7 16. c3 Kg8 17. Qc2 a6 18. Qb3 Rab8 19. Rad1 Bc8 20. Ng5 Bg4 21. Ne3 Bxd1
22. Rxd1 e6 23. Nxd5 exd5 24. Bxd5 Ne5 25. Bf4 Rd7 26. Re1 Rf8 27. Ne6 fxe6 28.
Bxe6+ Kh7 29. Bxe5 Bxe5 30. Bxd7 Qxd7 31. Rxe5 Qxd3 32. Re7+ Kh6 33. Re1 Qd2
34. Rf1 h4 35. Qxb6 Qd5 36. c4 Qxc4 37. Qd6 Rf7 38. Qe5 Kh7 39. a5 h3 40. Re1
Qc2 41. Qe2 1/2-1/2

[Event "2BLO 1920 Münchener Schachclub 1836 - "]
[Site "?"]
[Date "2020.02.09"]
[Round "8.2"]
[White "Tabatabaei, M.amin"]
[Black "Delchev, Aleksander"]
[Result "1-0"]
[WhiteElo "2638"]
[BlackElo "2544"]
[PlyCount "79"]
[EventDate "2020.??.??"]

1. c4 c6 2. Nf3 d5 3. e3 Nf6 4. Nc3 e6 5. d4 Nbd7 6. Qc2 Bd6 7. b3 O-O 8. Be2
b6 9. O-O Bb7 10. Bb2 Qe7 11. Rad1 Rad8 12. Rfe1 Rfe8 13. Bf1 e5 14. dxe5 Nxe5
15. Nd4 dxc4 16. Nf5 Qe6 17. Nxd6 Rxd6 18. Rxd6 Qxd6 19. Rd1 Nd3 20. Bxd3 cxd3
21. Qxd3 Qxd3 22. Rxd3 h6 23. h3 Re7 24. Rd8+ Re8 25. Rd6 Re7 26. b4 Rd7 27.
Ne4 Rxd6 28. Nxd6 Ba6 29. Bxf6 gxf6 30. f3 Kf8 31. Kf2 Bd3 32. e4 h5 33. h4 c5
34. bxc5 bxc5 35. a3 Ke7 36. Nf5+ Ke6 37. g4 hxg4 38. h5 gxf3 39. h6 Bxe4 40.
h7 1-0

[Event "2BLO 1920 Münchener Schachclub 1836 - "]
[Site "?"]
[Date "2020.02.09"]
[Round "8.3"]
[White "Bogosavljevic, Boban"]
[Black "Indjic, Aleksandar"]
[Result "0-1"]
[WhiteElo "2504"]
[BlackElo "2622"]
[PlyCount "84"]
[EventDate "2020.??.??"]

1. Nf3 c5 2. c4 Nc6 3. Nc3 g6 4. g3 Bg7 5. Bg2 d6 6. d3 e5 7. a3 a5 8. Bg5 f6
9. Bd2 Nge7 10. h4 h6 11. Qc1 Be6 12. Nb5 a4 13. b4 axb3 14. Rb1 b6 15. Rxb3 d5
16. cxd5 Nxd5 17. Rb1 Nde7 18. O-O g5 19. hxg5 hxg5 20. Bxg5 fxg5 21. Nxg5 Bg8
22. Ne4 Nd4 23. Ned6+ Kf8 24. Nxd4 Qxd6 25. Bxa8 exd4 26. Qf4+ Qxf4 27. gxf4
Bd5 28. Bxd5 Nxd5 29. Kg2 Nxf4+ 30. Kf3 Nd5 31. Rh1 Rxh1 32. Rxh1 Nc3 33. e4
Kf7 34. a4 Nxa4 35. Rb1 Bh6 36. Kg4 c4 37. dxc4 d3 38. f4 Nc3 39. Rb2 Nxe4 40.
c5 bxc5 41. Rb7+ Ke8 42. Rb8+ Kd7 0-1